План дворов по берегу реки Мойки Санкт-Петербургской губернии

Доступно только в Электронных читальных залах Найти на картеНа карте
RUSMARC
00003552nmc2a22000003x 450
0016494d5d3-688c-49bb-b4b6-a99fea97ac07
00520180614172616.0
100##$a20160408l17011800k l0rusy0189 ca
1010#$arus
102##$aRU
2001#$aПлан дворов по берегу реки Мойки Санкт-Петербургской губернии
$j18 век
251##$cДело
105##$ae###
801#0$aRU
$bРГИА
$c20160408
$gRCR
801#1$aRU
$bГлавНИВЦ
$c20160408
$2rusmarc
801#2$aRU
$bПБ им. Б.Н. Ельцина
$c20180614
$gRCR
$2rusmarc
850##$aРГИА
852##$aРГИА
$eФедеральное казенное учреждение "Российский государственный исторический архив" (РГИА)
$j700
937##$hРГИА
$d12155574
$aASBIBLIO_SCAN
462#0$1001dcd89104-8d20-40fa-811e-bb92fb080979
$12001
$aКарты, планы и чертежи Петербургского сенатского архива за 1732-1917 гг.
$1251
$cОпись
$1852
$j1
461#0$1001ac81bd0a-ee7e-4d64-837e-48e7e073b90f
$12001
$a1743-1916 гг.
$1251
$cФонд
$1852
$j1399
215##$a2 л.(1 план)
$cплан.
$d53х68 см
371##$aДокумент не является опубликованным и широко распространяемым
1222#$ad
035##$a6494d5d3-688c-49bb-b4b6-a99fea97ac07
856##$uhttp://readingroom.main.prlib.ru/item.aspx?id_node=n116002835&mode=full
Формат отображения